Oceans and seas
| Main Author: | |
|---|---|
| Format: | Book |
| Published: |
London :
Kingfisher ,
2010
|
| Series: | Grolier explorers
|
| Subjects: |
MARC
| LEADER | 00000cam a2200000 7i4500 | ||
|---|---|---|---|
| 001 | 0000209727 | ||
| 005 | 20161216.0 | ||
| 020 | |a 9780753418987 | ||
| 090 | 0 | 0 | |a 032 |b SAV |
| 100 | 1 | |a Savage, Stephen | |
| 245 | 1 | 0 | |a Oceans and seas |c Stephen Savage |
| 260 | |a London : |b Kingfisher , |c 2010 | ||
| 300 | |a 32p. : |b ill. ; |c 28cm. | ||
| 490 | 0 | |a Grolier explorers | |
| 650 | 0 | |a Ocean |v Juvenile literature | |
| 999 | |a 00319435 |b BUKU |c JUNIOR BOOKS |e PERPUSTAKAAN KOMUNITI PETALING JAYA | ||